000 00387nam a2200133 a 4500
001 000033797
005 20200930070527.0
008 110912s1849 xxu 000 spa d
040 _aDO-SdBNP
_beng
_cBNPHU
100 1 _aIrving, Washington
_947817
245 0 _aThe life and voyages of Christopher Columbus.
260 _aNew York, :
_bGeorge P. Putnam,
_c1849.
300 _a492 p. ;
_c20 cm.
999 _c33288
_d33288